01817nam a2200265Ia 4500001000600000003000900006008004100015040001300056040001300069041001300082100001900095100002900114245007200143245007200215250001100287260001000298260001600308260004900324300004300373500103000416650002401446650003101470700002101501700002901522E0658IT-RoPAU130308s9999 xx 000 0 und d aIT-RoPAU cIT-RoPAU aFRANCESE aNeyrand Gerard gCodice Aut. SPICS: 10432 aEntre clips et looks. Les pratiques de consommation des adolescents bEntre clips et Looks. Les Pratiques de consommation des Adolescents a1a ed. aPARIS bL'Harmattan c1989 [1° Ed.:1989 - Ed.Ling.Originale:1989] a"140 p. (prefazione: no ; testo: 140)" aTra clips e Looks: Abitudini di consumo degli Adolescenti. Struttura del consumo dei Giovani: Budget, livelli di Consumo, strategie di Appropriazione, Struttura degli Acquisti: Forniture Scolastiche, Abbigliamento, Frequentazione dei luoghi di Divertimenti e di Distensione Urbani. Pratiche dei Tempi Liberi: Espressione Corporale e Artistica, Attività sportiva o Musicale,Associazioni Socio Culturali, Uscite e Pratiche Socievoli a carattere Festivo. Pubblicita': Giovani Amanti della Pubblicita'?, Generi di Pubblicita',Hit parade delle Pubblicità, seduzione Pubblicitaria. gusti Culturali e Look: Giovani Nei paesi dell'Audiovisivo, un Mondo Musicale Proprio, Letturecontroverse, Arte del Look: mode Giovanili, Mneggio del Dettaglio, Gioco del Mettersi in Vista, costumi e Loro Composizione. Mondo del consumo dei Giovani: Produzione di Giovani Consumatori, Cultura Giovane, tappe del Cammino Giovanile di Consumo, Questione di Sesso, Rappresentanti del Consumo. Inchiesta con presentazione delle Persone Intervistate. aSAGGI DI SOCIOLOGIA eCodice materia Spics: 3657 aGuillot Caroline gCodice Aut. SPICS: 47088